[Event "HUN-ch Rapid 2020"]
[Site "Ajka"]
[Date "2020.07.17"]
[Round "3.17"]
[White "Korpa, Bence"]
[Black "Fodor, Balazs"]
[Result "1-0"]
[WhiteElo "2545"]
[BlackElo "2154"]
[Annotator "TA"]
[PlyCount "81"]
[EventDate "2020.07.17"]
[EventType "rapid"]
[EventCountry "HUN"]
[SourceTitle "playchess.com"]
[Source "ChessBase"]
[SourceQuality "1"]

{[%evp 9,81,15,19,-18,0,4,12,8,11,4,15,0,26,23,23,8,21,25,12,0,23,23,23,23,17,22,28,19,24,4,36,29,29,30,54,24,61,30,146,132,138,134,201,196,180,154,191,176,310,306,301,288,298,207,197,190,424,394,521,522,477,441,433,425,399,363,742,769,29973,29974,29986,29986,29985,29986]} 1. Nf3 d5 2. g3 Nf6 3. Bg2 Bf5 4. O-O e6 5. d3 h6 6. Nfd2 {A07: Réti Opening: New York and Capablanca Systems.} c6 7. e4 Bh7 8. Nc3 {The position is equal.} Be7 9. f4 dxe4 10. dxe4 Nbd7 11. Qe2 Qc7 12. Nb3 Nc5 {[#]} 13. Nxc5 $146 ({Predecessor:} 13. Kh1 Rd8 14. f5 exf5 15. Bf4 Qd7 16. Rad1 Qe6 17. Rxd8+ Kxd8 18. Nd4 Qc8 19. Nxf5 Bxf5 20. exf5 {1-0 (31) Froewis,G (2366)-Jovanic,O (2505) Oberwart 2012}) 13... Bxc5+ 14. Kh1 a5 15. e5 Nd5 16. Ne4 Bxe4 17. Bxe4 h5 18. c4 Ne7 19. Be3 Qb6 20. Bxc5 Qxc5 21. Rad1 $36 {[%mdl 2048] White is pushing.} g6 22. Rd2 O-O 23. Rfd1 Nf5 {White now steadily converts the win.} (23... Rab8 $11 {keeps the balance.}) 24. Bxf5 $1 $16 exf5 25. Rd7 {Threatens to win with e6.} Rae8 (25... Rfe8 $16 {was necessary.}) 26. Rxb7 $18 Re7 27. Rxe7 Qxe7 {[%mdl 4096] Endgame KQR-KQR} 28. Rd6 Rd8 (28... Rb8 $142 29. b3 (29. Rxc6 Qb7 $16) 29... a4 30. bxa4 Qb7) 29. c5 Rb8 30. b3 ({Weaker is} 30. Rxc6 Qb7 $16) 30... a4 31. Qc4 ({Don't do} 31. Rxc6 $6 axb3 32. axb3 Rxb3 $16) 31... axb3 32. axb3 Qb7 $2 (32... Kg7 33. Qc3 Kh6) 33. Rxg6+ Kh7 34. Rf6 Kg7 35. Rxf5 Qd7 36. Rg5+ Kf8 {[#] Hoping for ...Ra8.} 37. Kg2 Qd2+ $2 (37... h4 38. gxh4 Qd2+ 39. Kh3 Rb4) 38. Kh3 Qd1 39. e6 {White mates.} Rxb3 40. exf7 Qd7+ {[#]} 41. Kh4 $1 {Accuracy: White = 82%, Black = 49%.} 1-0

[Event "HUN-ch Rapid 2020"]
[Site "Ajka"]
[Date "2020.07.17"]
[Round "3.18"]
[White "Lejer, Sandor"]
[Black "Fancsy, Imre"]
[Result "0-1"]
[WhiteElo "1903"]
[BlackElo "2352"]
[Annotator "TA"]
[PlyCount "96"]
[EventDate "2020.07.17"]
[EventType "rapid"]
[EventCountry "HUN"]
[SourceTitle "playchess.com"]
[Source "ChessBase"]
[SourceQuality "1"]

{[%evp 15,96,-17,-5,-71,-29,-29,-20,-20,-22,-22,-27,-39,-20,-39,-18,-28,-28,-67,-18,-25,-30,-47,0,0,-6,-14,-22,-29,-22,-31,-22,-30,-29,-29,-24,-38,-26,-60,-56,-57,-43,-71,-59,-99,-39,-27,25,19,54,54,27,23,47,16,95,63,80,42,88,81,95,0,2,3,3,0,0,-747,-133,-104,464,450,29995,-308,302,-771,-662,-694,-669,-29990,-29991,-29990,-29991]} 1. Nf3 d5 2. d4 Nf6 3. c4 dxc4 4. Nc3 a6 5. e3 e6 6. Bxc4 c5 7. O-O b5 8. Bd3 Bb7 {[#]} 9. Ne1 $146 {D27: Queen's Gambit Accepted: Classical main line: 7 e4!? and 7 a4.} (9. a3 $11) ({Predecessor:} 9. Qe2 Nbd7 10. Rd1 Qb8 11. b3 Bd6 12. h3 cxd4 13. Nxd4 O-O 14. Bb2 Nc5 15. Bc2 b4 16. Na4 Nxa4 17. bxa4 Rc8 18. Rac1 Bd5 {1-0 (48) Cori,J (2651)-Macieja,B (2513) Chihuahua City 2019}) 9... cxd4 10. exd4 Be7 11. Be3 {The position is equal.} O-O 12. Rc1 Nbd7 {[%cal Bb8d7,Bd7b6,Bb6c4][%mdl 32]} 13. f3 Nb6 14. Bf2 Nc4 15. Qe2 Nd5 16. Bxc4 Nf4 17. Qd2 {Bb3 is the strong threat.} bxc4 18. Ne4 ({Reject} 18. Qxf4 Bg5 $17) 18... Ng6 19. Rxc4 Bd5 20. Rc1 Bxa2 21. Nd3 Bd5 22. Nec5 Bg5 $36 {[%mdl 2048] Black is pushing.} 23. Be3 Bxe3+ 24. Qxe3 a5 25. Ra1 Rb8 26. Ra3 Nh4 27. Qf2 Nf5 28. Ne5 Rb5 29. Rd1 Qg5 (29... Qd6 $17) 30. Ne4 $15 Qe7 (30... Bxe4 $142 31. fxe4 Nd6) 31. Nc3 $11 Rb6 32. Nxd5 exd5 33. Rxa5 {[%cal Ba3a5,Ba5c5,Bc5c2][%mdl 32]} Rfb8 34. Rd2 (34. Re1 {looks sharper.} Qd8 35. b4 Ne7 36. Ra7 f6 37. Qh4) 34... Nd6 (34... Re6 $11) 35. Rc5 Qb7 36. Rcc2 f6 37. Nd3 Nc4 38. Nc5 (38. Re2 $16) 38... Qa7 {Threatens to win with ...Qa1+.} 39. Re2 {Hoping for Qe1.} Rxb2 $1 40. Rxb2 Rxb2 41. Re8+ (41. g4 $11 {keeps the balance.}) 41... Kf7 $17 42. Qe1 {[#] And now Qe6+ would win.} Qb6 $2 {[%mdl 8192]} (42... Ne5 $1 $17 {stays on course.} 43. Re6 Qb8) 43. Re7+ $18 Kg6 (43... Kg8 $18 44. Rb7 Qc6) 44. Nd3 $4 {[%mdl 8192] [#]} (44. Qg3+ {mates} Kh5 45. Qg4+ Kh6 46. Qxg7+ {[%mdl 64] Double Attack} Kh5 47. g4+ Kh4 48. Qh6#) 44... Qxd4+ $4 {[%mdl 8192]} (44... Rb1 $1 $19 {and all is fine.} 45. Nc1 Qxd4+ 46. Kh1 Kh6) 45. Nf2 $4 {[%mdl 8192]} (45. Kh1 $18) 45... Ne5 {Strongly threatening ...Nd3!} 46. h3 {[#]} Nd3 $1 47. Re2 Nxe1 48. Rxb2 Qxb2 {Accuracy: White = 52%, Black = 58%.} 0-1

[Event "HUN-ch Rapid 2020"]
[Site "Ajka"]
[Date "2020.07.17"]
[Round "3.19"]
[White "Meszaros, Tamas"]
[Black "Gombocz, Ferenc Jr."]
[Result "1-0"]
[WhiteElo "2378"]
[BlackElo "2209"]
[Annotator "TA"]
[PlyCount "57"]
[EventDate "2020.07.17"]
[EventType "rapid"]
[EventCountry "HUN"]
[SourceTitle "playchess.com"]
[Source "ChessBase"]
[SourceQuality "1"]

{[%evp 9,57,7,9,12,18,2,21,0,-2,-16,0,-3,7,0,88,97,92,85,92,82,93,71,64,4,59,71,201,204,187,178,261,256,375,367,327,359,337,316,1262,1119,1463,1208,3845,3588,29984,29985,29991,29990,29990,29989]} 1. e4 e5 2. Nf3 Nc6 3. Be2 g6 4. d4 exd4 5. Nxd4 Bg7 6. Nxc6 {C44: Ponziani Opening and Scotch Gambit.} bxc6 7. O-O Ne7 8. c4 {The position is equal.} O-O 9. Qc2 d6 10. Nc3 {[%cal Bb1c3,Bc3e4,Be4f6][%mdl 32] [#]} f5 $146 ({Predecessor:} 10... Be6 11. Rb1 f5 12. Bd3 Qd7 13. Bg5 Rae8 14. Rbd1 h6 15. Bxe7 Rxe7 16. b3 Ref7 17. exf5 Bxf5 {0-1 (57) Rosmann,A (1769)-Just,J (1933) Binz 2016}) 11. Bg5 Bf6 (11... Qd7 $11 {remains equal.}) 12. Bxf6 $16 Rxf6 13. Rad1 fxe4 14. Nxe4 (14. Qxe4 Rb8 $11) 14... Rf8 15. Qc3 {Nf6+ is the strong threat.} Nf5 16. g4 (16. b4 $14) 16... Ng7 ({Better is} 16... Qe7 $11) 17. g5 $36 {[%mdl 2048] White is really pushing.} Rf4 {Loses the game.} (17... Ne8 $16) 18. Nf6+ $1 $18 Kf7 {[#]} 19. Bf3 $1 (19. Nxh7 Ne6 $11) 19... Bd7 {[#]} (19... Rf5 {keeps fighting.} 20. h4 (20. Bxc6 Rxg5+ 21. Kh1 Qxf6 $16) (20. Nxh7 Qh8 $16) 20... Rxf6) 20. c5 $1 {[%cal Rc5d6]} ({And not} 20. Nxh7 Ne6 $11) 20... Rf5 (20... Be6 {was necessary.} 21. cxd6 (21. Nxh7 d5 $16) (21. Bxc6 Rc4 $18) 21... cxd6 22. Bxc6 Rc8) 21. Nxd7 Qxd7 22. cxd6 Rxg5+ 23. Kh1 Rd8 $2 (23... cxd6 24. Bxc6 {[%mdl 64] Double Attack} Qd8 25. Bd5+ Rxd5) 24. Bxc6 Qg4 25. Qb3+ Kf8 26. dxc7 Rc8 27. Rd8+ {White mates.} Ke7 28. Re1+ Kf6 29. Rd6+ {Accuracy: White = 95%, Black = 41%.} 1-0

[Event "HUN-ch Rapid 2020"]
[Site "Ajka"]
[Date "2020.07.17"]
[Round "3.20"]
[White "Szilagyi, Norbert"]
[Black "Ruck, Robert"]
[Result "0-1"]
[WhiteElo "2214"]
[BlackElo "2540"]
[Annotator "TA"]
[PlyCount "118"]
[EventDate "2020.07.17"]
[EventType "rapid"]
[EventCountry "HUN"]
[SourceTitle "playchess.com"]
[Source "ChessBase"]
[SourceQuality "1"]

{[%evp 17,118,0,0,0,58,40,56,20,35,2,7,-19,-21,-18,0,-25,0,-12,0,10,22,11,31,-54,36,9,23,11,23,19,44,-35,0,-18,0,-39,0,0,0,7,33,8,10,-18,-22,-38,-17,-33,-16,-94,-47,-100,-78,-161,-169,-172,-138,-133,-66,-75,-70,-95,-84,-497,-466,-456,-428,-406,-434,-688,-680,-679,-653,-730,-722,-739,-687,-736,-585,-1103,-1072,-966,-810,-1034,-1028,-1065,-1054,-991,-947,-29988,-1292,-1235,-1257,-1116,-1049,-29984,-29985,-29985,-29978,-29989,-29990,-29991,-29992]} 1. e4 c6 2. d4 d5 3. Nd2 dxe4 4. Nxe4 Bf5 5. Ng3 Bg6 6. Bc4 e6 7. N1e2 Nf6 8. Nf4 Bd6 9. Bb3 Qc7 10. Qf3 {B18: Classical Caro-Kann: 4...Bf5 sidelines.} Nd5 ({Black should play} 10... a5 $11) 11. Nxg6 $14 hxg6 12. Bd2 {White is slightly better.} Nd7 {[#]} 13. O-O-O $146 ({Predecessor:} 13. c4 N5f6 14. O-O O-O 15. c5 Be7 16. Bf4 Qd8 17. h4 Nd5 18. h5 Nxf4 19. Qxf4 gxh5 20. Nxh5 {0-1 (41) Kobayashi,A (2011)-Tang,T (1927) Tokyo 2013}) 13... Bf4 14. Kb1 Bxd2 15. Rxd2 N5f6 16. c4 O-O-O 17. h3 Rh4 18. Rhd1 Nb6 19. Ne2 Rd7 20. g3 ({Better is} 20. Nc3 $14) 20... Rh8 (20... Rxh3 $15 21. Nc3 Rh5) 21. h4 Rhd8 22. Nc3 Kb8 23. a3 a6 24. Ba2 (24. c5 $14 Nc8 25. Na4) 24... Nc8 25. d5 c5 26. Rd3 e5 27. Re3 Re7 28. Qe2 Rde8 29. g4 Nd6 30. Ka1 Nd7 31. Re1 f5 32. f4 e4 33. Bb1 (33. g5 $1 $11) 33... Rh8 34. gxf5 (34. Rh3 $15) 34... gxf5 $17 35. h5 (35. Rh3 $17 {was called for.}) 35... Nf6 $19 36. Rh3 Rh6 37. Rg1 Qd8 (37... Ng4 $17 38. Rgh1 Qa5) 38. Nd1 Qh8 {[%cal Rh6h5]} 39. Rg5 {[#]} g6 $1 {[%cal Rh6h5][%mdl 512]} 40. Rhg3 $2 {[%mdl 8192] Loses the game.} (40. Qe3 $17 {was the crucial defense.}) (40. Rxg6 Rxg6) 40... Nxh5 {[%mdl 64] Double Attack} 41. Rg1 Nxf4 42. Qe3 Qe5 43. Qxc5 (43. Rf1 $142 Nh3 44. Rg2) 43... Rc7 44. Qb4 Rxc4 45. Qb3 {and the idea Ne3 leaves White hopeful.} Rh3 46. Ne3 Rc7 47. R5g3 Rh2 48. Rxg6 Nxg6 49. Rxg6 Rh3 50. Qb6 Nc8 51. Qb3 f4 52. d6 Nxd6 53. Nc4 Rxb3 (53... Nxc4 $142 54. Rg8+ {[#]} Ka7 $1 {[%mdl 512]} 55. Qc2 Rxa3+ 56. Ba2 e3 57. Rg2 f3 58. Rh2 e2 59. Rh1 e1=Q+ 60. Rxe1 Qxe1+ 61. Qb1 Qxb1+ {[%mdl 64] Back Rank} 62. Kxb1 Nd2+ 63. Ka1 Rc1#) 54. Nxe5 Nc4 55. Rg8+ Ka7 56. Ba2 Nxe5 {Black mates.} 57. Bxb3 f3 58. Rf8 e3 59. Re8 f2 {Accuracy: White = 45%, Black = 69%.} 0-1

[Event "HUN-ch Rapid 2020"]
[Site "Ajka"]
[Date "2020.07.17"]
[Round "3.21"]
[White "Kantor, Gergely"]
[Black "Horvath, Tamas I"]
[Result "1-0"]
[WhiteElo "2530"]
[BlackElo "2318"]
[Annotator "TA"]
[PlyCount "73"]
[EventDate "2020.07.17"]
[EventType "rapid"]
[EventCountry "HUN"]
[SourceTitle "playchess.com"]
[Source "ChessBase"]
[SourceQuality "1"]

{[%evp 25,73,11,17,0,8,-13,0,-18,-22,-33,0,4,0,0,27,33,146,133,146,150,135,128,143,151,131,114,145,143,258,252,297,247,206,37,18,35,26,-229,300,309,294,291,307,301,298,263,463,447,1656,1469]} 1. d4 Nf6 2. c4 e6 3. Nf3 Bb4+ 4. Bd2 Qe7 5. g3 Nc6 6. Nc3 Bxc3 7. Bxc3 Ne4 8. Rc1 O-O 9. Bg2 d6 10. d5 Nd8 11. O-O e5 12. Nd2 Nxc3 13. Rxc3 b6 14. b4 {E11: Bogo-Indian.} a5 15. Ra3 Nb7 16. Nb3 {[#] The position is equal.} Bf5 $146 ({Predecessor:} 16... Bg4 17. bxa5 Ra6 18. Qc2 {½-½ (18) Pert,R (2459)-Rendle,T (2386) Sheffield 2011}) 17. bxa5 bxa5 18. c5 dxc5 19. Qc1 c4 20. Nd2 Qb4 (20... a4 $14) 21. Nxc4 $16 {Strongly threatening Rb3.} Qe7 22. Qb2 Nd6 23. Nxe5 Rfe8 24. Re3 $1 Qf6 25. f4 Rab8 26. Qc3 Nb5 (26... Qe7 $16 {was necessary.} 27. g4 (27. Qxa5 f6 $16) 27... Bc8 28. Qxa5 Rb5) 27. Qxa5 $18 Qd6 28. Rc1 f6 29. Nc6 $2 (29. a4 $18 Na3 30. Nc4 (30. Qxc7 Qxc7 31. Rxc7 Nc2 $14) 30... Nxc4 31. Rxe8+ Rxe8 32. Rxc4) 29... Rxe3 $14 30. Nxb8 Nd4 31. Qxc7 $2 {[%mdl 8192] [#]} ({But not} 31. Rxc7 Nxe2+ 32. Kf1 Nxf4 $15) (31. Qc5 $11 Nxe2+ 32. Kf2 Nxc1 33. Qxe3 Nxa2 34. Qe8+ Qf8 35. Qxf8+ Kxf8 36. Na6) 31... Qxc7 $4 {[%mdl 8192]} (31... Qa3 $1 $19 32. Qd8+ Kf7 33. Rc7+ Kg6) 32. Rxc7 $18 {And now d6 would win.} Rxe2 {[#]} 33. d6 $1 {[%cal Rd6d7]} Re1+ 34. Kf2 Re2+ 35. Kf1 Bd3 $2 (35... Re8 {is a better defense.}) 36. Bd5+ Ne6 (36... Kf8 $142 37. Bc4 Rd2+ 38. Bxd3 Rxd3 39. Nd7+ Kg8) 37. Kg1 {Accuracy: White = 72%, Black = 45%.} 1-0

[Event "HUN-ch Rapid 2020"]
[Site "Ajka"]
[Date "2020.07.17"]
[Round "3.22"]
[White "Ongut, Tamas Gunes"]
[Black "Geher, Koppany"]
[Result "1/2-1/2"]
[WhiteElo "2305"]
[BlackElo "2295"]
[Annotator "TA"]
[PlyCount "154"]
[EventDate "2020.07.17"]
[EventType "rapid"]
[EventCountry "HUN"]
[SourceTitle "playchess.com"]
[Source "ChessBase"]
[SourceQuality "1"]

{[%evp 9,154,-18,-10,-17,-12,-22,-19,-29,-25,-48,-22,-28,-18,-39,-8,-9,-14,-17,14,-18,-30,-16,-25,-17,-27,-30,26,0,36,6,16,0,0,0,48,27,63,20,22,4,30,15,43,41,35,23,32,35,65,65,65,65,60,61,197,195,175,172,225,184,170,162,174,5,8,0,0,0,46,76,66,14,13,8,8,0,13,13,13,13,8,8,8,10,10,0,0,0,8,0,0,0,0,0,0,0,0,0,0,0,0,0,8,8,8,8,8,8,8,8,8,8,8,8,8,8,8,8,8,8,8,8,8,8,8,8,8,8,8,8,8,8,8,0,8,8,8,8,8,8,8,8,8,-8,-8,-8,-8]} 1. Nc3 d5 2. d4 Nf6 3. Bf4 e6 4. e3 Bd6 5. Bg3 a6 6. Nf3 {D00: 1 d4 d5: Unusual lines.} O-O 7. Ne5 c5 8. dxc5 Bxc5 9. Bd3 {[#]} Bd6 $146 ({Predecessor:} 9... Nc6 10. Nxc6 bxc6 11. O-O Bd6 12. Bh4 Be7 13. e4 Rb8 14. b3 Nd7 15. Bxe7 Qxe7 16. exd5 exd5 {½-½ (60) Heinechen,J (1982)-Melian,J (1755) Asuncion 2019}) 10. O-O Qc7 11. f4 Nc6 12. Nxc6 Qxc6 13. Qf3 b5 14. e4 Bb7 15. e5 Bc5+ 16. Kh1 Ne4 {Strongly threatening ...Nd2.} 17. Bh4 $1 Bb4 (17... g6 $142) 18. Ne2 $11 Qc7 19. c3 $36 {[%mdl 2048] White is more active.} Be7 20. Bxe7 Qxe7 21. Rad1 Rac8 (21... b4 {seems wilder.} 22. Qe3 Rfd8 23. cxb4 Qxb4 24. Qd4 Qe7) 22. Qe3 Qc5 23. Qxc5 (23. Nd4 {is interesting.} Qc7 24. a3 Rce8 25. Bc2 f6 26. Qh3) 23... Nxc5 24. Bb1 Ne4 25. Kg1 Ba8 26. Bxe4 dxe4 27. Kf2 Bd5 28. a3 a5 29. Ke3 b4 30. axb4 axb4 31. cxb4 Rb8 {[#]} (31... Bc4 $14) 32. Rd4 $1 $18 Rfc8 33. Nc3 Rc4 (33... f5 $142 34. exf6 (34. Nxd5 exd5 35. Rfd1 g6 $16) 34... gxf6 35. Nxe4 (35. Nxd5 exd5 36. Rf2 Rc1 $16) 35... Bxe4) 34. Rxc4 ({Resist} 34. Nxd5 $6 Rxd4 35. Kxd4 exd5 $16) 34... Bxc4 {[%mdl 4096] Endgame KRB-KRN} 35. Ra1 h6 36. Nxe4 $2 ({White should play} 36. Ra5 $18) 36... Rxb4 $11 37. Ra8+ Kh7 {[#] And now ...Bd5 would win.} 38. Ra7 Kg6 39. Nd6 Bd5 40. g4 ({Of course not} 40. Nxf7 $6 Re4+ 41. Kd3 Rxf4 $11) (40. g3 $14) 40... Rb3+ {The position is equal.} 41. Kd4 Rb4+ 42. Ke3 Rb3+ 43. Kd2 Rxb2+ 44. Kc3 Rb3+ 45. Kc2 Rb6 46. h4 h5 47. gxh5+ Kxh5 48. Rxf7 Rb4 49. Ne8 Kxh4 50. Nxg7 Kg4 51. Ne8 {Black must now prevent Nf6+.} Be4+ 52. Kc3 Ra4 53. Nd6 Bd5 54. f5 exf5 55. Rxf5 Rf4 56. Rxf4+ Kxf4 {KB-KN} 57. Kd4 Be6 58. Ne4 Kf5 59. Nc5 Bg8 60. Nb7 Ke6 61. Nd6 Bh7 62. Nc4 Bb1 63. Nd2 Bg6 64. Nf3 Bf5 65. Ng5+ Ke7 66. Kd5 Bd7 67. Ne4 Be6+ 68. Kd4 Bg8 69. Ng5 Ba2 70. Ke4 Bb1+ 71. Kd4 Ba2 72. Nf3 Bg8 73. Ne1 Ba2 74. Nc2 Bg8 75. Na1 Ba2 76. Nb3 Bxb3 77. e6 Bxe6 {Accuracy: White = 91%, Black = 75%.} 1/2-1/2

[Event "HUN-ch Rapid 2020"]
[Site "Ajka"]
[Date "2020.07.17"]
[Round "3.23"]
[White "Horvath, Peter"]
[Black "Szabo, Vince David"]
[Result "1-0"]
[WhiteElo "2409"]
[BlackElo "1388"]
[Annotator "TA"]
[PlyCount "85"]
[EventDate "2020.07.17"]
[EventType "rapid"]
[EventCountry "HUN"]
[SourceTitle "playchess.com"]
[Source "ChessBase"]
[SourceQuality "1"]

{[%evp 13,85,17,37,27,61,54,78,84,91,58,122,135,128,131,118,107,344,356,349,333,306,245,237,242,294,303,298,228,242,214,388,302,370,381,368,348,483,490,470,470,466,489,750,747,755,695,662,620,1598,1489,1434,863,856,856,1403,1332,29982,29983,29983,29984,29988,29978,29989,29989,29986,29987,29987,29988,29991,29992,29992,29990,29995,29995]} 1. d4 d5 2. c4 c6 3. Nf3 Nf6 4. Nc3 Bf5 5. Qb3 Qb6 6. c5 Qxb3 {6...Qc7 deserves study. Played by Magnus Carlsen in March 2020.} 7. axb3 Nbd7 8. b4 {[%cal Bb3b4,Bb4b5][%mdl 32] D15: Slav Defence: 4 Nc3 a6 and gambit lines after 4 Nc3 dxc4.} e6 9. b5 Ne4 10. e3 {White is better.} Be7 {[#]} 11. Bd2 $146 ({Predecessor:} 11. Nxe4 Bxe4 12. Nd2 Bc2 13. f4 g5 14. b4 gxf4 15. exf4 Bh4+ 16. g3 Bf6 17. Bb2 Ke7 {1-0 (49) Daniluk,J (2094)-Puczylowski,M (1927) Wysowa 2007}) 11... Bg4 (11... Bf6 $14) 12. b4 $16 Bf6 13. bxc6 bxc6 14. Bd3 Ng5 $2 {[#]} (14... Bf5 $16) 15. Nxg5 $18 Bxg5 16. b5 cxb5 17. Nxb5 {Black must now prevent f3.} O-O 18. f3 Bh5 19. Ke2 a6 20. Nd6 Nb8 21. Rhb1 Be7 $2 (21... Bg6 {is a better defense.} 22. Bxg6 hxg6) 22. Rb6 Bd8 23. Rb7 a5 24. Bb5 f5 25. c6 Nxc6 26. Bxc6 Ra6 27. Rc1 a4 (27... h6 $142 28. Be1 f4) 28. Bb4 a3 29. Bb5 Ra8 30. Bd7 Bf7 31. Nxf7 Kxf7 32. Bxf8 Kxf8 33. Bxe6 {[%mdl 64] [#] Double Attack} Ba5 34. Bxd5 f4 35. Rf7+ {[%mdl 64] Discovered Attack. White mates.} Ke8 36. Rxg7 Ra6 37. Ba2 fxe3 38. Rxh7 Rf6 39. Rc8+ Bd8 40. Rh8+ Ke7 41. Rcxd8 {[%csl Gd8][%cal Rh8e8]} Rb6 42. Rb8 Rc6 43. Rb7+ {Black got outplayed after the opening. Accuracy: White = 75%, Black = 37%.} 1-0

[Event "HUN-ch Rapid 2020"]
[Site "Ajka"]
[Date "2020.07.17"]
[Round "3.24"]
[White "Bagi, Mate"]
[Black "Piroska, Istvan"]
[Result "1-0"]
[WhiteElo "2478"]
[BlackElo "2145"]
[Annotator "TA"]
[PlyCount "43"]
[EventDate "2020.07.17"]
[EventType "rapid"]
[EventCountry "HUN"]
[SourceTitle "playchess.com"]
[Source "ChessBase"]
[SourceQuality "1"]

{[%evp 9,42,29,29,0,15,6,59,63,60,53,103,106,166,133,106,107,359,367,339,104,91,95,93,32,60,62,408,407,391,382,466,464,451,450,29999]} 1. e4 e5 2. Nf3 Nc6 3. Nc3 Nf6 4. Bb5 Nd4 5. Bc4 Bc5 6. d3 {C48: Four Knights: 4 Bb5, replies other than 4...Bb4.} Nxf3+ 7. gxf3 {[#]} a6 $146 (7... Nh5 $11) ({Predecessor:} 7... c6 8. Rg1 Rg8 9. Qe2 d6 10. f4 Bd7 11. fxe5 dxe5 12. Rg5 Qe7 13. f4 Bd6 14. fxe5 Bxe5 {1-0 (26) Solozhenkina,E (2052)-Vorobyova,E (1673) St Petersburg 2015}) 8. f4 {White is slightly better.} exf4 9. Bxf4 d6 10. Rg1 $1 {[%cal Rg1g7]} Rg8 (10... g6 $16 {was called for.}) 11. d4 Bb4 12. Qf3 {aiming for Bg5.} Qe7 $2 {[%mdl 8192] [#]} (12... Bxc3+ $16 {might work better.} 13. bxc3 Be6 14. Bxe6 fxe6) 13. O-O-O $1 $18 Bxc3 14. bxc3 $2 (14. e5 $18) 14... Be6 $16 15. d5 $36 {[%mdl 2048] White is in control.} Bd7 16. e5 ({White should try} 16. Kb2 $16) 16... dxe5 $14 {[#]} 17. Bxe5 $1 {[%mdl 512]} Bg4 $2 {[%mdl 8192] [#]} ({Wrong is} 17... Qxe5 $2 18. Rge1 $18) (17... O-O-O $14 18. Rde1 h5) 18. Qf4 $1 $18 O-O-O 19. Bxf6 ({But not} 19. Rxg4 Nxg4 20. Qxg4+ Kb8 $18) 19... Qa3+ 20. Kd2 Bxd1 21. Bxd8 {[%csl Gd8][%cal Rf4c7]} Bxc2 (21... Kxd8 $18 22. Kxd1 Qxc3) 22. Qxc7# {Accuracy: White = 71%, Black = 40%.} 1-0